00504nam a2200145 a 450000100100000000500170001000800410002704000250006824500440009326000700013730000200020704900090022795201050023699900170034100002827520200930031511.0110407s1983 dr 000 0 spa d aDO-SdBNPbspacBNPHU00aCarta de los derechos de la familia. /. aSanto Domingo, :bUniversidad Católica de Santo Domingo,c1983. a19 p. ;c21 cm. aBNPD 0010718PDaPDbPDcCTd2011-04-07iLF1l0o p28275-10r2020-06-25w2020-06-25yLFPDZNo se presta c27767d27767